[Event "Olympiad Women-39"]
[Site "Khanty-Mansiysk"]
[Date "2010.09.27"]
[Round "6.24"]
[White "Camacho, Chardine Cheradee"]
[Black "Guerrero Rodriguez, Alejandra"]
[Result "1-0"]
[WhiteElo "2186"]
[BlackElo "2128"]
[PlyCount "99"]
[EventDate "2010.09.21"]
[EventType "team-swiss"]
[EventRounds "11"]
[EventCountry "RUS"]
[SourceTitle "CBM 139"]
[Source "ChessBase"]
[SourceDate "2010.11.18"]
[SourceVersion "1"]
[SourceVersionDate "2010.11.18"]
[SourceQuality "1"]
[WhiteTeam "Philippines (W)"]
[BlackTeam "Mexico (W)"]
[WhiteTeamCountry "PHI"]
[BlackTeamCountry "MEX"]

1. e4 e6 2. d4 d5 3. Nc3 Nf6 4. Bg5 Be7 5. e5 Nfd7 6. Bxe7 Qxe7 7. f4 a6 8. Qd2 Nb6 9. Nf3 Bd7 10. Bd3 Nc4 11. Bxc4 dxc4 12. 0-0 Bc6 13. f5 Bxf3 14. Rxf3 Nc6 15. fxe6 0-0-0 16. Rxf7 Qxe6 17. Raf1 Rxd4 18. Qg5 Rg4 19. Qf5 Qxf5 20. R1xf5 Re8 21. h3 Rg6 22. Nd5 Rxe5 23. Rxc7+ Kb8 24. Rf8+ Ka7 25. Nf4 Rgg5 26. Rff7 Rb5 27. Rxc6 Rxb2 28. Rxc4 Rxa2 29. Rb4 Rb5 30. Rxb5 axb5 31. Rc7 g5 32. Ne6 h6 33. Nd8 Kb8 34. Rc5 Ra1+ 35. Kf2 Ra6 36. Rxb5 Rf6+ 37. Ke3 b6 38. Nf7 Rxf7 39. Rxb6+ Kc7 40. Rxh6 Re7+ 41. Kf3 Re5 42. Rg6 Rc5 43. g3 Kd7 44. Kg4 Ke7 45. Rxg5 Rxc2 46. Rf5 Ke6 47. Rf4 Rc5 48. h4 Rb5 49. h5 Rb1 50. h6 1-0

[Event "Olympiad Women-39"]
[Site "Khanty-Mansiysk"]
[Date "2010.09.25"]
[Round "5.20"]
[White "Camacho, Chardine Cheradee"]
[Black "Lujan, Carolina"]
[Result "1-0"]
[WhiteElo "2186"]
[BlackElo "2312"]
[PlyCount "131"]
[EventDate "2010.09.21"]
[EventType "team-swiss"]
[EventRounds "11"]
[EventCountry "RUS"]
[SourceTitle "CBM 139"]
[Source "ChessBase"]
[SourceDate "2010.11.18"]
[SourceVersion "1"]
[SourceVersionDate "2010.11.18"]
[SourceQuality "1"]
[WhiteTeam "Philippines (W)"]
[BlackTeam "Argentina (W)"]
[WhiteTeamCountry "PHI"]
[BlackTeamCountry "ARG"]

1. e4 c5 2. Nf3 Nc6 3. d4 cxd4 4. Nxd4 Nf6 5. Nc3 e5 6. Ndb5 d6 7. Bg5 a6 8. Na3 Be6 9. Nd5 Bxd5 10. Qxd5 Qb6 11. Bxf6 Qxb2 12. Bc4 Qc3+ 13. Kf1 gxf6 14. Qxf7+ Kd8 15. Rb1 Qxa3 16. Qxf6+ Kc7 17. Qxh8 Qa4 18. Qxh7+ Be7 19. Bb3 Qb5+ 20. c4 Qc5 21. Qh5 a5 22. Qe2 Rf8 23. Rb2 Nd4 24. Qd3 Qa3 25. Qb1 b6 26. h4 Qc5 27. Qd3 Rf4 28. h5 Bh4 29. f3 Qa3 30. Rd2 Bg5 31. h6 Rf8 32. Rd1 a4 33. h7 Rh8 34. Bc2 Qxa2 35. Bb1 Qb2 36. g3 a3 37. f4 Bf6 38. Rd2 Qb4 39. Kg2 exf4 40. gxf4 Ne6 41. Qe3 Bc3 42. Rc2 Bd4 43. Qg3 Rf8 44. f5 Be5 45. Qe3 Nd4 46. Rf2 Qa4 47. Ba2 Qc6 48. f6 Rh8 49. Rh4 Ne6 50. Qxa3 Qb7 51. Qh3 Nf8 52. Qg4 Rxh7 53. Rxh7+ Nxh7 54. Qg7+ Kb8 55. Qxb7+ Kxb7 56. f7 Nf8 57. Kf3 Kc7 58. Bb3 Kd7 59. Ra2 Bg7 60. Ke3 Bh6+ 61. Kd3 Ng6 62. Ra7+ Kc6 63. Ba4+ Kc5 64. Kc3 Bg7+ 65. Kb3 Ne5 66. Ra8 1-0

[Event "Olympiad Women-39"]
[Site "Khanty-Mansiysk"]
[Date "2010.09.24"]
[Round "4.15"]
[White "Klinova, Masha"]
[Black "Camacho, Chardine Cheradee"]
[Result "1/2-1/2"]
[WhiteElo "2303"]
[BlackElo "2186"]
[PlyCount "44"]
[EventDate "2010.09.21"]
[EventType "team-swiss"]
[EventRounds "11"]
[EventCountry "RUS"]
[SourceTitle "CBM 139"]
[Source "ChessBase"]
[SourceDate "2010.11.18"]
[SourceVersion "1"]
[SourceVersionDate "2010.11.18"]
[SourceQuality "1"]
[WhiteTeam "Israel (W)"]
[BlackTeam "Philippines (W)"]
[WhiteTeamCountry "ISR"]
[BlackTeamCountry "PHI"]

1. e4 c5 2. Nf3 e6 3. c4 Nc6 4. Nc3 Nf6 5. Be2 d5 6. exd5 exd5 7. d4 Be6 8. Bg5 Be7 9. cxd5 Nxd5 10. Bxe7 Qxe7 11. 0-0 0-0 12. Re1 Nxc3 13. bxc3 cxd4 14. Nxd4 Nxd4 15. Qxd4 Rfd8 16. Qe3 Qc7 17. Bf3 Rab8 18. Qxa7 Qxc3 19. a4 Qd4 20. Qxd4 Rxd4 21. a5 Bd5 22. Bxd5 Rxd5 1/2-1/2

[Event "Olympiad Women-39"]
[Site "Khanty-Mansiysk"]
[Date "2010.09.22"]
[Round "2.9"]
[White "Camacho, Chardine Cheradee"]
[Black "Foisor, Cristina Adela B"]
[Result "1/2-1/2"]
[WhiteElo "2186"]
[BlackElo "2395"]
[PlyCount "128"]
[EventDate "2010.09.21"]
[EventType "team-swiss"]
[EventRounds "11"]
[EventCountry "RUS"]
[SourceTitle "CBM 139"]
[Source "ChessBase"]
[SourceDate "2010.11.18"]
[SourceVersion "1"]
[SourceVersionDate "2010.11.18"]
[SourceQuality "1"]
[WhiteTeam "Philippines (W)"]
[BlackTeam "Romania (W)"]
[WhiteTeamCountry "PHI"]
[BlackTeamCountry "ROU"]

1. e4 c6 2. d4 g6 3. Nc3 d5 4. Nf3 Bg7 5. h3 Nh6 6. Bd3 0-0 7. Bf4 dxe4 8. Nxe4 Nf5 9. c3 Nd6 10. 0-0 Nxe4 11. Bxe4 Nd7 12. Qe2 Nf6 13. Bd3 Nd5 14. Be5 Bh6 15. Rfe1 Re8 16. Rad1 b5 17. Nh2 a5 18. Ng4 Bxg4 19. Qxg4 e6 20. h4 a4 21. a3 Ra7 22. Qh3 f5 23. g3 Nb6 24. f4 Nc4 25. Re2 Qd5 26. Qg2 Bf8 27. Rde1 Kf7 28. Kf2 c5 29. Qxd5 exd5 30. Bxc4 dxc4 31. dxc5 Bxc5+ 32. Bd4 Bxd4+ 33. cxd4 Rxe2+ 34. Rxe2 Rd7 35. Re5 Rxd4 36. Rxb5 Rd2+ 37. Ke1 Rd3 38. Rc5 Rxg3 39. Rxc4 Rb3 40. Rb4 Rh3 41. Rxa4 Rxh4 42. Kd2 Ke6 43. Ke3 Kd5 44. Rd4+ Kc6 45. Kd3 h5 46. Kc4 Rh1 47. b4 Rc1+ 48. Kb3 h4 49. Rd8 Rf1 50. Rg8 Rf3+ 51. Ka4 Rxf4 52. Rxg6+ Kd5 53. Ka5 Rg4 54. Rh6 Rg8 55. Rxh4 Ra8+ 56. Kb6 Rxa3 57. b5 Rb3 58. Rh8 f4 59. Rd8+ Ke4 60. Re8+ Kd4 61. Kc6 Rc3+ 62. Kb7 Re3 63. Rf8 Re7+ 64. Ka6 Kd5 1/2-1/2

[Event "PHI-ch (Women)"]
[Site "Tagaytay City"]
[Date "2010.05.27"]
[Round "5"]
[White "Camacho, Chardine Cheradee"]
[Black "Cua, Shercila"]
[Result "1-0"]
[WhiteElo "2186"]
[BlackElo "2142"]
[PlyCount "55"]
[EventDate "2010.05.25"]
[EventType "tourn"]
[EventRounds "11"]
[EventCountry "PHI"]
[SourceTitle "CBM 136 Extra"]
[Source "ChessBase"]
[SourceDate "2010.07.02"]
[SourceVersion "2"]
[SourceVersionDate "2010.07.15"]
[SourceQuality "1"]

1. e4 e6 2. d4 d5 3. Nc3 Bb4 4. e5 c5 5. Bd2 Ne7 6. Nb5 Bxd2+ 7. Qxd2 0-0 8. f4 Nbc6 9. Nf3 a6 10. Nd6 f6 11. dxc5 fxe5 12. fxe5 Ng6 13. Be2 Ncxe5 14. 0-0 Qc7 15. b4 Nxf3+ 16. Bxf3 Ne7 17. Bh5 Bd7 18. Qg5 Nf5 19. Nxf5 exf5 20. Rae1 h6 21. Qh4 Bb5 22. Re7 Qc6 23. Rfe1 g5 24. Qd4 Qf6 25. Qxd5+ Kh8 26. R7e6 Qg7 27. Rg6 Rad8 28. Qe6 1-0

[Event "Asian Continental op (Women) 08th"]
[Site "Subic Bay"]
[Date "2009.05.23"]
[Round "11"]
[White "Le, Kieu Thien Kim"]
[Black "Camacho, Chardine Cheradee"]
[Result "1/2-1/2"]
[WhiteElo "2277"]
[BlackElo "2166"]
[PlyCount "76"]
[EventDate "2009.05.13"]
[EventType "swiss"]
[EventRounds "11"]
[EventCountry "PHI"]
[SourceTitle "CBM 130 Extra"]
[Source "ChessBase"]
[SourceDate "2009.07.02"]
[SourceVersion "2"]
[SourceVersionDate "2009.07.15"]
[SourceQuality "1"]

1. d4 Nf6 2. Nf3 c5 3. e3 e6 4. Bd3 cxd4 5. exd4 Qc7 6. 0-0 b6 7. Nc3 a6 8. Ne4 Nxe4 9. Bxe4 Bb7 10. Bxb7 Qxb7 11. Re1 Be7 12. Qd3 d5 13. Bf4 Nd7 14. Ne5 b5 15. Qg3 Bf6 16. c3 0-0 17. Ng4 Be7 18. Ne3 Rfe8 19. Re2 b4 20. Rae1 bxc3 21. bxc3 Rac8 22. Ng4 Nf6 23. Be5 Nxg4 24. Qxg4 Bf8 25. Re3 Qb2 26. Qe2 Qxe2 27. R1xe2 Rc6 28. Rb2 Rec8 29. h3 Rxc3 30. Rxc3 Rxc3 31. Rb6 f6 32. Bg3 a5 33. Rxe6 Rd3 34. Bc7 Bb4 35. Ra6 Ra3 36. Bd6 Bxd6 37. Rxd6 Rxa2 38. Rxd5 a4 1/2-1/2

[Event "Asian Continental op (Women) 08th"]
[Site "Subic Bay"]
[Date "2009.05.19"]
[Round "7"]
[White "Camacho, Chardine Cheradee"]
[Black "Lkhamsuren, Uuganbayar"]
[Result "1-0"]
[WhiteElo "2166"]
[BlackElo "2038"]
[PlyCount "141"]
[EventDate "2009.05.13"]
[EventType "swiss"]
[EventRounds "11"]
[EventCountry "PHI"]
[SourceTitle "CBM 130 Extra"]
[Source "ChessBase"]
[SourceDate "2009.07.02"]
[SourceVersion "2"]
[SourceVersionDate "2009.07.15"]
[SourceQuality "1"]

1. e4 e6 2. d4 d5 3. Nc3 Bb4 4. e5 c5 5. Bd2 Nc6 6. Nb5 Bxd2+ 7. Qxd2 Nxd4 8. Nxd4 cxd4 9. Qxd4 Ne7 10. Nf3 0-0 11. Bd3 Nc6 12. Qe3 f6 13. 0-0 Bd7 14. c4 Nb4 15. Rad1 Qc7 16. exf6 gxf6 17. cxd5 Nxd5 18. Qe4 Rf7 19. Bc4 f5 20. Qd4 Bc6 21. Ng5 Re7 22. Nxe6 Rxe6 23. Bxd5 Bxd5 24. Qxd5 Qf7 25. Qf3 Rae8 26. Rd5 Rf6 27. Rfd1 b6 28. h3 Re7 29. Qd3 f4 30. Rd8+ Kg7 31. Rd7 Rfe6 32. Qd4+ Qf6 33. Rxe7+ Rxe7 34. Qxf6+ Kxf6 35. Kf1 Kf5 36. g3 Rc7 37. Ke2 Ke4 38. gxf4 Kxf4 39. Rd4+ Kg5 40. Ke3 Re7+ 41. Re4 Rc7 42. f4+ Kf5 43. Re5+ Kf6 44. Rh5 Kg6 45. Rg5+ Kf6 46. Rg2 Kf5 47. Rd2 Rg7 48. Kf3 Ke6 49. Ke4 Rg3 50. f5+ Ke7 51. Rd3 Rg2 52. Rb3 Kf6 53. a4 Re2+ 54. Kf3 Re5 55. Rc3 Rxf5+ 56. Kg3 Rg5+ 57. Kf4 Rf5+ 58. Ke4 Re5+ 59. Kd4 Re7 60. Kd5 Re5+ 61. Kc6 Re4 62. b3 Re7 63. b4 Re4 64. Rb3 Ke7 65. a5 bxa5 66. bxa5 Ke8 67. a6 Re7 68. Rb8+ Kf7 69. Rb7 Ke6 70. h4 Kf7 71. Kd6 1-0

[Event "Asian Continental op (Women) 08th"]
[Site "Subic Bay"]
[Date "2009.05.16"]
[Round "4"]
[White "Camacho, Chardine Cheradee"]
[Black "Nguyen, Thi Thanh An"]
[Result "1/2-1/2"]
[WhiteElo "2166"]
[BlackElo "2324"]
[PlyCount "130"]
[EventDate "2009.05.13"]
[EventType "swiss"]
[EventRounds "11"]
[EventCountry "PHI"]
[SourceTitle "CBM 130 Extra"]
[Source "ChessBase"]
[SourceDate "2009.07.02"]
[SourceVersion "2"]
[SourceVersionDate "2009.07.15"]
[SourceQuality "1"]

1. e4 c5 2. Nf3 Nc6 3. d4 cxd4 4. Nxd4 Nf6 5. Nc3 d6 6. Be2 e5 7. Nxc6 bxc6 8. 0-0 Be7 9. f4 0-0 10. Qd3 Rb8 11. Qg3 exf4 12. Rxf4 Be6 13. b3 Nd7 14. Bb2 Ne5 15. Rd1 Ng6 16. Rff1 Qb6+ 17. Kh1 Qc5 18. Na4 Qa5 19. Bc3 Qc7 20. Nb2 Rbd8 21. Nc4 Rd7 22. Ne3 Bh4 23. Qf3 d5 24. exd5 cxd5 25. Bd4 Be7 26. Bd3 Bc5 27. Bf5 Bxd4 28. Rxd4 Qe5 29. Rfd1 Re7 30. h4 Bc8 31. Bxc8 Qxe3 32. Qxe3 Rxe3 33. Bb7 Re2 34. R1d2 Rxd2 35. Rxd2 Nxh4 36. Rxd5 f5 37. c4 Re8 38. c5 Re1+ 39. Kh2 Re2 40. Rd4 g5 41. Bd5+ Kf8 42. c6 Rc2 43. Rd1 Rc5 44. b4 Rc2 45. b5 Ke7 46. Kh1 Rc5 47. a4 Ng6 48. Bg8 h5 49. Rd7+ Kf6 50. Rxa7 Ne5 51. g3 f4 52. gxf4 gxf4 53. c7 Rc1+ 54. Kh2 Rc2+ 55. Kg1 Nf3+ 56. Kf1 Nh2+ 57. Kg1 f3 58. c8Q Rxc8 59. Rf7+ Ke5 60. Bh7 Ng4 61. Rxf3 Rc1+ 62. Rf1 Rc3 63. Rf5+ Kd6 64. Rxh5 Ra3 65. Kg2 Rxa4 1/2-1/2

[Event "Olympiad Women-38"]
[Site "Dresden"]
[Date "2008.11.25"]
[Round "11"]
[White "Real Pereyra, Diana Carime"]
[Black "Camacho, Chardine Cheradee"]
[Result "0-1"]
[WhiteElo "1766"]
[BlackElo "2100"]
[PlyCount "98"]
[EventDate "2008.11.13"]
[EventType "team-swiss"]
[EventRounds "11"]
[EventCountry "GER"]
[SourceTitle "CBM 128"]
[Source "ChessBase"]
[SourceDate "2009.01.28"]
[SourceVersion "1"]
[SourceVersionDate "2009.01.28"]
[SourceQuality "1"]
[WhiteTeam "Mexico (W)"]
[BlackTeam "Philippines (W)"]
[WhiteTeamCountry "MEX"]
[BlackTeamCountry "PHI"]

1. e4 c5 2. Nc3 a6 3. g3 b5 4. a3 Bb7 5. Bg2 e6 6. Nge2 Nf6 7. d3 d5 8. e5 Ng4 9. f4 h5 10. h3 Nh6 11. Be3 Nc6 12. Bf2 h4 13. g4 g5 14. Qd2 Be7 15. Ng1 gxf4 16. Nf3 Bg5 17. Bxc5 Nxe5 18. Nxg5 Qxg5 19. Rf1 Ng6 20. d4 f5 21. Qe2 Kf7 22. Bf3 Rae8 23. 0-0-0 fxg4 24. hxg4 Ng8 25. Kb1 Nf6 26. a4 bxa4 27. Nxa4 Kg7 28. Qd2 Ne4 29. Qa5 Qd8 30. Bb6 Qe7 31. Nc5 Ng5 32. Bh1 Bc6 33. Rde1 Bb5 34. Nd3 Bxd3 35. cxd3 Qb7 36. Rf2 f3 37. Bc7 Rhf8 38. Ref1 Rf7 39. Bh2 Nf4 40. Qd2 Ref8 41. Qe3 Qb3 42. Bxf4 Rxf4 43. Rc2 Kg6 44. Rcf2 Qa4 45. Bxf3 Rxf3 46. Qe2 Rxf2 47. Rxf2 Rxf2 48. Qxf2 Qd1+ 49. Ka2 Qxg4 0-1